000 00413nam a2200145 i 4500
001 bg
100 1 _aKalisz, Liliana.
245 1 0 _aPrzydatność wybranych testów biologicznych do oceny osadu czynnego /
_cL. Kalisz, M. Kaźmierczuk.
260 _aWarszawa,
_c1980.
700 1 _aKaźmierczuk, Marcin
_d(1947- ).
040 _cBPK
041 _apol
942 _cKS
008 s pl f |000 0 pol
999 _c21813
_d21813
856 _uhttp://koha.tu.koszalin.pl/cgi-bin/koha/opac-detail.pl?biblionumber=21813
_yKatalog online BPK